00549nam a22001697a 450000500170000001000150001702000260003203500140005803700130007208200130008510000210009824500920011925000130021126000310022427000930025530000310034820170124115003.0 aENG-117143 a9789350356920c295.00 aEN-100675 bDBAD/PUB a343.0526 aLakhotia,Subhash aIncome tax guide for the taxpayer :cby Subhash Lakhotiab(assessment year 2017-2018) / a52nd ed. aGurgaon bLexisNexisc2016 a14th Floor, Building No.10, Tower-B, DLF Cyber City, Phase-IIbGurgaon (Haryana)e122002 axi,163p. :b21 cm(Hb)cill